Fallen [CD/sound recording] : [a novel] / Karin ... Read More
Available copies
- 1 of 1 copy available at LARL/NWRL Consortium. (Show)
- 1 of 1 copy available at Northwest Regional Library.
Current holds
0 current holds with 1 total copy.
View other formats and editions
Show Only Available Copies
| Location | Call Number / Copy Notes | Barcode | Shelving Location | Status | Due Date |
|---|---|---|---|---|---|
| Warroad Public Library | BOOK-ON-CD SLA (Text) | 35500004941116 | Main | Available | - |
Record details
- ISBN: 9781609982645
- ISBN: 1609982649
- ISBN: 9780792777687
- ISBN: 0792777689
- Physical Description: 11 sound discs (13 hr., 21 min.) : digital ; 4 3/4 ... Read More
- Edition: Unabridged ed.
- Publisher: North Kingstown, RI : Audiogo, p2011.
Content descriptions
| General Note: | Compact discs. Duration: 13:21:00. |
| Participant or Performer Note: | Read by Shannon Cochran. |
| Summary, etc.: | Georgia Bureau of Investigations Agent Faith ... Read More |
Search for related items by subject
| Subject: | Policewomen > Fiction. Police > Georgia > Fiction. Police corruption > Fiction. Murder > Investigation > Fiction. Missing persons > Fiction. Georgia > Fiction. |
| Genre: | Mystery fiction. Suspense fiction. |
| LDR | 02029cim a2200481Ia 4500 | ||
|---|---|---|---|
| 001 | 133124 | ||
| 003 | LARL_NWRL_CONSORTIUM | ||
| 005 | 20110707065307.0 | ||
| 007 | sd fmngnnmmned | ||
| 008 | 110330s2011 riunnnne f n eng d | ||
| 019 | . | ‡a711737499 | |
| 020 | . | ‡a9781609982645 | |
| 020 | . | ‡a1609982649 | |
| 020 | . | ‡a9780792777687 | |
| 020 | . | ‡a0792777689 | |
| 024 | 1 | . | ‡a883761982644 |
| 028 | 0 | 2. | ‡aSLD2257 ‡bAudiogo |
| 035 | . | ‡a(OCoLC)710899626 ‡z(OCoLC)711737499 | |
| 040 | . | ‡aTOH ‡cTOH ‡dTEF ‡dYW6 ‡dBBCAA ‡dORX ‡dGZD | |
| 043 | . | ‡an-us-ga | |
| 049 | . | ‡aNRG | |
| 082 | 0 | 4. | ‡a813/.54 ‡222 |
| 099 | . | ‡aMYS | |
| 100 | 1 | . | ‡aSlaughter, Karin, ‡d1971- ‡0(LARL_NWRL_CONSORTIUM)44006 |
| 245 | 1 | 0. | ‡aFallen ‡h[CD/sound recording] : ‡b[a novel] / ‡cKarin Slaughter. |
| 250 | . | ‡aUnabridged ed. | |
| 260 | . | ‡aNorth Kingstown, RI : ‡bAudiogo, ‡cp2011. | |
| 300 | . | ‡a11 sound discs (13 hr., 21 min.) : ‡bdigital ; ‡c4 3/4 in. | |
| 511 | 0 | . | ‡aRead by Shannon Cochran. |
| 500 | . | ‡aCompact discs. | |
| 500 | . | ‡aDuration: 13:21:00. | |
| 520 | . | ‡aGeorgia Bureau of Investigations Agent Faith Mitchell arrives at her mother's house and finds the front door open and blood on the doorknob. Inside she finds a dead body and a hostage situation unfolding in the other room. However, her mother is nowhere in sight. When the scene turns even deadlier, Faith becomes a suspect and relies on her partner Will Trent and doctor Sara Linton to make sense of what happened at her mother's home. | |
| 650 | 0. | ‡aPolicewomen ‡vFiction. ‡0(LARL_NWRL_CONSORTIUM)166589 | |
| 650 | 0. | ‡aPolice ‡zGeorgia ‡vFiction. ‡0(LARL_NWRL_CONSORTIUM)174187 | |
| 650 | 0. | ‡aPolice corruption ‡vFiction. ‡0(LARL_NWRL_CONSORTIUM)166691 | |
| 650 | 0. | ‡aMurder ‡xInvestigation ‡vFiction. ‡0(LARL_NWRL_CONSORTIUM)166203 | |
| 650 | 0. | ‡aMissing persons ‡vFiction. ‡0(LARL_NWRL_CONSORTIUM)165976 | |
| 651 | 0. | ‡aGeorgia ‡vFiction. ‡0(LARL_NWRL_CONSORTIUM)165404 | |
| 655 | 7. | ‡aMystery fiction. ‡2gsafd. | |
| 655 | 7. | ‡aSuspense fiction. ‡2gsafd. | |
| 700 | 1 | . | ‡aCochran, Shannon. ‡4nrt. ‡0(LARL_NWRL_CONSORTIUM)120657 |
| 901 | . | ‡a133124 ‡bISxN ‡c133124 ‡tbiblio | |

Add to basket
Permalink
Disable Highlighting